00614 2200205 4500001002100000005001700021008004100038020002200079035002500101040001200126082001100138084001900149245004000168260002700208300003600235500006000271650004300331850001200374990002200386INLIS00000000001950920160427132457.0  a978-979-29-4197-5 a0010-041600000000513 aYOPDYOG a005.13 aDEP 005.13 Kup aKUPAS tuintas microsoft words 2013. aYogyakartabAndic2013 axii, 346 hlm.b: ilus.c; 28 cm aDiterbitkan atas kerjasama Madcoms dengan Penerbit Andi aMicrosoft Word 2013 (Program Komputer) aYOPDYOG aCB-D.11/2013-2366